|
|
|
|
| LEADER |
00947nam a2200241 a 4500 |
| 001 |
GR-Patra15117 |
| 008 |
030225s1990 enk 000 0 eng d |
| 020 |
|
|
|a 0571149944
|
| 040 |
|
|
|a GrPaTEI
|b gre
|c GR-PaULI
|
| 040 |
|
|
|a GrPaTEI
|b gre
|c GR-PaULI
|
| 082 |
|
0 |
|a 307.76
|
| 100 |
1 |
|
|a Jukes, Peter
|
| 245 |
1 |
2 |
|a A shout in the street :
|b The Modern city /
|c written and compiled by Peter Jukes ; Additional photographs by Teresa Watkins.
|
| 260 |
|
|
|a London :
|b faber and faber,
|c 1990
|
| 300 |
|
|
|a xviii, 258σ.
|
| 500 |
|
|
|a Περιλαμβάνει ευρετήρια.
|
| 650 |
|
0 |
|a City and town life
|
| 650 |
|
0 |
|a Streets
|x social aspects
|
| 710 |
0 |
|
|a Faber and Faber
|
| 942 |
|
|
|2 ddc
|
| 952 |
|
|
|0 0
|1 0
|2 ddc
|4 0
|6 307_760000000000000_JUK
|7 0
|9 293924
|a LISK
|b LISK
|c BSC
|d 2021-01-17
|e 24
|f 0
|g 0.00
|l 0
|o 307.76 JUK
|p 92410019478
|r 2021-01-17 00:00:00
|t 1
|w 2021-01-17
|y BK15
|x 20030225 0 1
|x GrPaTEI
|
| 971 |
|
|
|a .b26626329
|b 01-10-20
|c 23-09-16
|
| 999 |
|
|
|c 171814
|d 171814
|